| 000 | 00549nam a2200193 a 4500 | ||
|---|---|---|---|
| 001 | 557 | ||
| 003 | CDMR | ||
| 005 | 20131204164158.0 | ||
| 008 | 130130s1972||||||||||||||||||||||||||||d | ||
| 040 |
_aCDMR _bcat _cCDMR |
||
| 100 | 1 |
_aVeron, Eliseo _9414 |
|
| 245 | 1 | 0 |
_aConducta, estructura y comunicación _cEliseo verón |
| 250 | _a2a ed. corr. | ||
| 260 |
_aBuenos Aires _c1972 _bTiempo Contemporáneo |
||
| 300 | _a399 p. | ||
| 490 | 0 |
_aCiencias Sociales. _aAnálisis y Perspectivas |
|
| 650 | 0 | 4 |
_91460 _aSociologia de la comunicació |
| 942 |
_cMON _2udc |
||
| 999 |
_c557 _d557 |
||